| 000 | 01254nam a2200325 c 4500 | ||
|---|---|---|---|
| 003 | BLK | ||
| 005 | 20180422102733.0 | ||
| 008 | 180408b bul|||||r ||||||| ||bul|| | ||
| 010 | _aKNG00069498000 | ||
| 020 |
_a954-739-644-7 _bиздат.: Захарий Стоянов |
||
| 040 | _aBLK | ||
| 041 |
_aBUL _cBUL |
||
| 080 |
_aНемска литература _b821.112.2 _x-992 _z821.112.2-992 |
||
| 100 | 1 |
_aХайне, Хайнрих _eпърви автор _9366441 |
|
| 700 | 1 |
_aРашева, Анастасия Михайлова _eпрев. от нем. _9370513 |
|
| 139 |
_aХайне, Хайнрих _bХ 21 |
||
| 245 | 1 | 0 |
_aПътни картини _cХайнрих Хайне; прев. от нем. Анастасия Михайлова Рашева. |
| 257 | _aDEU | ||
| 260 |
_аСофия _bЗахарий Стоянов _c2005 |
||
| 300 |
_a564 с. _c23 см |
||
| 380 | _aX | ||
| 490 | 1 | _aПоредица Шедьовър | |
| 500 | _aОриг. загл. Reisebilder / Heinrich Heine. - Офс. изд. | ||
| 653 | _aпътеписи | ||
| 852 | _aЦб 230112 | ||
| 856 | 4 |
_qpdf _u |
|
| 856 | 4 |
_qpdf _u |
|
| 942 |
_cKNG _n0 |
||
| 944 |
_aCR _c17.11.2006 _lф / _kЛюдмила_Стоянова |
||
| 944 |
_aED _c06.10.2015 _lф / _kГеновева_Генчева |
||
| 999 |
_c65223 _d65223 |
||